| 000 | 01380nam a2200289 a 4500 | ||
|---|---|---|---|
| 001 | 000025430 | ||
| 003 | DO-SdBNP | ||
| 005 | 20230704113621.0 | ||
| 008 | 110216s1990 dr ad 000 0 spa d | ||
| 040 |
_aDO-SdBNP _bspa _cBPMSU |
||
| 082 | 4 |
_a306.44089 _bM496a 1990 _222 |
|
| 100 | 1 | _aMegenney, William W. | |
| 245 | 1 | 0 |
_aAfrica en Santo Domingo : _bsu herencia lingüística / _cWilliam W. Megenney. |
| 260 |
_aSanto Domingo : _bMuseo del Hombre Dominicano : _bAcademia de Ciencias de la República Dominicana, _c1990. _f |
||
| 300 |
_a252 p. : _bil., gráfcs., tablas ; _c22 cm. |
||
| 500 | _aIncluye referencias bibliográficas y notas al pie de las páginas | ||
| 504 | _aBibliografía : p. 237-250 | ||
| 505 | 0 |
_aIntroducción -- _tLa trata esclavista entre el África y El Caribe -- _tLa sociolingüística -- _tFonología, morfología, sintaxis, entonación -- _tLéxico de posible origen africano -- _tOtro léxico -- _gConclusiones -- _gBibliografía -- _tLista de las lenguas subsaharianas incluidas en el libro y los países en donde se hablan. |
|
| 590 | _aInventariado, 2023/VM | ||
| 650 | 4 |
_aLingüística _xInvestigaciones |
|
| 650 | 4 |
_aEspañol _xDialectos _zRepública Dominicana |
|
| 650 | 4 | _aLenguas africanas | |
| 650 | 4 | _aLenguaje y lenguas | |
| 650 | 4 |
_aAfricanos _zRepública Dominicana |
|
| 910 | _aVMateo V. Control de calidad (BPMSU) | ||
| 942 |
_2ddc _cBK |
||
| 999 |
_c14396 _d14396 |
||